000 01127nam a22002057a 4500
003 NALT
005 20220202113748.0
008 s2546 th o tha d
040 _aNALT
086 _aนร 07 3.5 352.4 2547
110 2 _aสำนักนายกรัฐมนตรี.
_9619
_bสำนักงบประมาณ
245 1 0 _aเอกสารงบประมาณ ฉบับที่ 3 งบประมาณรายจ่าย ประจำปีงบประมาณ พ.ศ. 2547 เล่มที่ 3 กระทรวงเกษตรและสหกรณ์ /
_cสำนักงบประมาณ.
260 _aกรุงเทพฯ :
_bสำนักงบประมาณ,
_c2546.
300 _a251 หน้า :
_bตาราง ;
_c26 ซม.
610 2 4 _aกระทรวงเกษตรและสหกรณ์
_950458
_xงบประมาณ
_y2547
650 0 _aงบประมาณ
_zไทย
_y2547
_933810
850 _aNALT
942 _cGOV
_2local
998 _cDAO
_j1020
_k จำเรียง ระวังสำโรง
999 _c38848
_d38848